000 00505nam a22001811i 4500
001 13283
010 _a9789898174277
090 _a13283
100 _a20170304u u u0frey50 ba
101 0 _apor
200 1 _fLinda Papadopoulos
_aO que os homens dizem o que as mulheres ouvem
210 _cGuerra e Paz
_aLisboa
_d2009
215 _a238, [2] p.
_cil.
_d23 cm
225 2 _aPecado original
700 1 _aPapadopoulos
_bLinda
_4070
702 1 _aSantos
_bAntónio Costa
_4730
_f1957-
801 _aPT
_gRPC
990 _cLIVROS